header

Air pollution modeling and its application XV (Record no. 162882)

MARC details
000 -LEADER
fixed length control field 01638nam a22003374a 4500
082 04 - DEWEY DECIMAL CLASSIFICATION NUMBER
Classification number 628.5/3/015118
245 10 - TITLE STATEMENT
Title Air pollution modeling and its application XV
260 ## - PUBLICATION, DISTRIBUTION, ETC. (IMPRINT)
Place of publication New York :
Name of publisher Kluwer Academic/Plenum Publishers,
Year of publication c2002.
300 ## - PHYSICAL DESCRIPTION
Number of Pages xvi, 544 p. :
Other physical details ill., maps.
500 ## - GENERAL NOTE
General note "Proceedings of the twenty-fifth NATO/CCMS International Technical Meeting on Air Pollution Modeling and Its Application, held 15-19 October 2001, in Louvain-la-Neuve, Belgium"--T.p. verso.
650 #0 - SUBJECT ADDED ENTRY--TOPICAL TERM
Topical Term Air
Topical Term Atmospheric diffusion
700 1# - ADDED ENTRY--PERSONAL NAME
Personal name Borrego, C.
Personal name Schayes, Guy.
856 40 - ELECTRONIC LOCATION AND ACCESS
Uniform Resource Identifier http://site.ebrary.com/lib/rucke/Doc?id=10067506

No items available.

© 2026 Rongo University
Contact us: librarian | system librarian | Rongo university